| 000 | 00548cam a2200193 4500 | ||
|---|---|---|---|
| 001 | J1573 | ||
| 008 | 090401t1992 xxu||||| |||| 00| 0 eng d | ||
| 035 | _a(Sirsi) u44283 | ||
| 041 | _aeng | ||
| 110 |
_aEurope _bEuropean Communities Council _92364 |
||
| 245 | _aCouncil Regulation (EEC) No 1973/92 of 21 May 1992 establishing a financial instrument for the environment (LIFE) | ||
| 260 | _c1992 | ||
| 300 | _a(6)p. ; 30cm. | ||
| 350 | _a0 | ||
| 650 | _aEC REGULATIONS | ||
| 650 | _aEUROPEAN COMMUNITIES | ||
| 942 | _n0 | ||
| 948 | _c04/03/1997 | ||
| 999 |
_c91476 _d91476 |
||